000 02012cam a2200349 4500
001 L159195
002 20301
008 061208n2016 000 0 eng u
020 _a9781138907379
035 _a(Sirsi) u159195
041 0 _aeng
050 0 4 _a658.1552
100 1 _aSmith, Jim
245 0 0 _aBuilding cost planning for the design team
250 _a3rd ed.
260 _aOxon
_bRoutledge
_c2016
300 _a388p.
_c24cm
350 _a39.99
505 0 _aBuilding and construction industry characteristics -- The development process -- Design economics -- An overview of cost-planning stages -- Sources of building cost data -- Building information modelling -- Cost planning the pre-stage (briefing) stage -- Cost planning the concept design (outline proposals) stage -- Cost planning the development design (sketch design) stage -- Cost planning the technical design (documentation) stage
520 _aConsiders building cost planning and cost control from the client and the design team's perspective, where all decisions whether concerned with design, cost, quality, time, value or sustainability are taken as being interrelated. Follows the building design cost planning process from the crucial inception stages and then through all the design stages to the completion of the technical design, contract documentation and the tender. It provides a template for good cost planning practice. An addition to this third edition is the introduction of integrated design and documentation processes captured in building information modelling (BIM), on-line cost databases and computerised methods of cost planning.
590 _aKA
650 2 4 _aCOST CONTROL
650 2 4 _aBIM
_96219
650 2 4 _aBUILT ENVIRONMENT-QUANTITY SURVEYING-CONSTRUCTION COST ESTIMATING
651 4 _aInternational
690 _aBUILT ENVIRONMENT-BUILDING COSTS
690 _aCost management
_96233
700 1 _aJaggar, David
700 1 _aLove, Peter
700 1 _aOlatunje, O. A.
942 _n0
999 _c115734
_d115734